[Event "GBR-ch85"]
[Site "Torquay"]
[Date "1998.08.05"]
[Round "9.5"]
[White "Gormally, Daniel"]
[Black "Ward, Christopher G"]
[Result "1/2-1/2"]
[WhiteElo "2400"]
[BlackElo "2505"]
[PlyCount "76"]
[EventDate "1998.07.27"]
[EventType "swiss"]
[EventRounds "11"]
[EventCountry "GBR"]
[SourceTitle "BritBase"]
[Source "britbase.info"]
[SourceDate "2021.07.30"]
[SourceVersion "1"]
[SourceVersionDate "2021.07.30"]
[SourceQuality "1"]

1. e4 c5 2. Nf3 d6 3. Bc4 Nf6 4. d3 Nc6 5. O-O g6 6. c3 Bg7 7. Nbd2 O-O 8. Bb3
b5 9. Re1 a5 10. a3 Rb8 11. d4 cxd4 12. cxd4 Qb6 13. d5 Ng4 14. Rf1 Nd4 15. h3
Ne5 16. Nxe5 dxe5 17. Nf3 Nxb3 18. Qxb3 e6 19. Be3 Qb7 20. Rfd1 exd5 21. Qxd5
Qxd5 22. exd5 Bd7 23. Rac1 Rfc8 24. b4 axb4 25. axb4 Rc4 26. Bc5 f6 27. Ra1 Rd8
28. Ra7 Be6 29. d6 Rd7 30. Ra8+ Kf7 31. Rb8 g5 32. Rxb5 g4 33. hxg4 Bxg4 34.
Rd2 Bh6 35. Be3 Bxe3 36. fxe3 Rc6 37. Rc5 Rcxd6 38. Rxd6 Rxd6 1/2-1/2

[Event "GBR-ch85"]
[Site "Torquay"]
[Date "1998.08.05"]
[Round "9.6"]
[White "Hebden, Mark"]
[Black "Conquest, Stuart"]
[Result "1-0"]
[WhiteElo "2590"]
[BlackElo "2490"]
[PlyCount "95"]
[EventDate "1998.07.27"]
[EventType "swiss"]
[EventRounds "11"]
[EventCountry "GBR"]
[SourceTitle "BritBase"]
[Source "britbase.info"]
[SourceDate "2021.07.30"]
[SourceVersion "1"]
[SourceVersionDate "2021.07.30"]
[SourceQuality "1"]

1. d4 Nf6 2. Nf3 g6 3. Nc3 Bg7 4. e4 d5 5. e5 Ne4 6. Nxe4 dxe4 7. Ng5 c5 8. e6
Bxe6 9. Nxe6 fxe6 10. dxc5 Qa5+ 11. c3 Nd7 12. Bd2 Qxc5 13. Qb3 O-O 14. Be3 Qf5
15. O-O-O Nc5 16. Qb5 Rac8 17. Rd2 a6 18. Qb4 a5 19. Qb5 a4 20. Qb4 Rc7 21. Bb5
Nd3+ 22. Bxd3 exd3 23. Rhd1 Qd5 24. Qxa4 b5 25. Qb3 Qxg2 26. Qxe6+ Kh8 27. Rxd3
Qa8 28. Bd4 Bxd4 29. Rxd4 Ra7 30. Kb1 Kg7 31. Qe5+ Rf6 32. Rd7 Rxd7 33. Rxd7
Qh1+ 34. Kc2 Kh6 35. Qe3+ g5 36. Qh3+ Kg6 37. Qd3+ Rf5 38. Rxe7 Qf3 39. Re6+
Kh5 40. Qd6 Kg4 41. Kb3 Qxf2 42. Rh6 Rf7 43. h3+ Kf3 44. Qd5+ Kg3 45. Qxg5+ Kh2
46. Qe5+ Kg2 47. Qe4+ Kh2 48. Qc2 1-0

[Event "GBR-ch85"]
[Site "Torquay"]
[Date "1998.08.05"]
[Round "9.8"]
[White "Houska, Miroslav"]
[Black "Summerscale, Aaron"]
[Result "1/2-1/2"]
[WhiteElo "2375"]
[BlackElo "2455"]
[PlyCount "80"]
[EventDate "1998.07.27"]
[EventType "swiss"]
[EventRounds "11"]
[EventCountry "GBR"]
[SourceTitle "BritBase"]
[Source "britbase.info"]
[SourceDate "2021.07.30"]
[SourceVersion "1"]
[SourceVersionDate "2021.07.30"]
[SourceQuality "1"]

1. d4 Nf6 2. c4 e5 3. dxe5 Ng4 4. Nf3 Bc5 5. e3 Nc6 6. a3 a5 7. Nc3 O-O 8. Be2
Ngxe5 9. Nxe5 Nxe5 10. O-O Ra6 11. f4 Ng6 12. Kh1 Ne7 13. e4 f5 14. Na4 Ba7 15.
c5 Rh6 16. e5 d6 17. Be3 Be6 18. exd6 Nd5 19. dxc7 Qxc7 20. Qd2 Nxe3 21. Qxe3
g5 22. b4 Bb8 23. Nc3 Qf7 24. g3 Rh3 25. Bf3 gxf4 26. gxf4 Qf6 27. Nd5 Qh6 28.
Ra2 Rd8 29. Rd2 Kf8 30. Qf2 Rh4 31. Rd4 Rxd5 32. Bxd5 Bxf4 33. Rxf4 Bxd5+ 34.
Kg1 Rxf4 35. Qxf4 Qg7+ 36. Qg3 Qd4+ 37. Qf2 Qg4+ 38. Qg3 Qd4+ 39. Qf2 Qg4+ 40.
Qg3 Qd4+ 1/2-1/2

[Event "GBR-ch85"]
[Site "Torquay"]
[Date "1998.08.05"]
[Round "9.9"]
[White "Levitt, Jonathan P"]
[Black "Pert, Nicholas"]
[Result "1/2-1/2"]
[WhiteElo "2430"]
[BlackElo "2390"]
[PlyCount "28"]
[EventDate "1998.07.27"]
[EventType "swiss"]
[EventRounds "11"]
[EventCountry "GBR"]
[SourceTitle "BritBase"]
[Source "britbase.info"]
[SourceDate "2021.07.30"]
[SourceVersion "1"]
[SourceVersionDate "2021.07.30"]
[SourceQuality "1"]

1. d4 d5 2. Nf3 Nf6 3. c4 dxc4 4. e3 a6 5. Bxc4 e6 6. O-O c5 7. Qe2 b5 8. Bd3
cxd4 9. exd4 Be7 10. a4 bxa4 11. Rxa4 O-O 12. Nc3 a5 13. Ne4 Nbd7 14. Bd2 Bb7
1/2-1/2

[Event "GBR-ch85"]
[Site "Torquay"]
[Date "1998.08.05"]
[Round "9.10"]
[White "Ledger, Andrew"]
[Black "Williams, Simon Kim"]
[Result "1-0"]
[WhiteElo "2450"]
[BlackElo "2335"]
[PlyCount "75"]
[EventDate "1998.07.27"]
[EventType "swiss"]
[EventRounds "11"]
[EventCountry "GBR"]
[SourceTitle "BritBase"]
[Source "britbase.info"]
[SourceDate "2021.07.30"]
[SourceVersion "1"]
[SourceVersionDate "2021.07.30"]
[SourceQuality "1"]

1. e4 e6 2. d4 d5 3. Nd2 Nf6 4. e5 Nfd7 5. Bd3 c5 6. c3 Nc6 7. Ne2 cxd4 8. cxd4
f6 9. exf6 Nxf6 10. O-O Bd6 11. Nf3 Qc7 12. Bg5 O-O 13. Rc1 Bd7 14. Ng3 Rae8
15. Bb1 Qb6 16. Rc3 Ng4 17. Rb3 Qc7 18. Nh4 Nf6 19. Nh5 Ne4 20. Bxe4 dxe4 21.
Nxg7 Kxg7 22. Qg4 e5 23. Bh6+ Kf7 24. Qxe4 Nxd4 25. Rg3 Qc2 26. Rg7+ Ke6 27.
Qg4+ Nf5 28. Rc1 Qa4 29. f4 Qd4+ 30. Kh1 Kd5 31. Rxd7 Nxh6 32. Qf3+ Ke6 33.
Rxh7 Rh8 34. Qh3+ Kf6 35. fxe5+ Bxe5 36. Rf1+ Bf4 37. Rxh8 Qf2 38. Rxh6+ 1-0

[Event "GBR-ch85"]
[Site "Torquay"]
[Date "1998.08.05"]
[Round "9.12"]
[White "Kelly, Brian"]
[Black "Basman, Michael John"]
[Result "1-0"]
[WhiteElo "2405"]
[BlackElo "2360"]
[PlyCount "147"]
[EventDate "1998.07.27"]
[EventType "swiss"]
[EventRounds "11"]
[EventCountry "GBR"]
[SourceTitle "BritBase"]
[Source "britbase.info"]
[SourceDate "2021.07.30"]
[SourceVersion "1"]
[SourceVersionDate "2021.07.30"]
[SourceQuality "1"]

1. c4 f5 2. Nf3 g6 3. g3 Bg7 4. d4 d6 5. Bg2 c6 6. O-O Na6 7. Nc3 Nh6 8. d5 Bd7
9. e4 Qb6 10. Qe2 O-O 11. e5 Ng4 12. Bf4 Rae8 13. Rad1 c5 14. Rfe1 Nb4 15. e6
Bc8 16. a3 Na6 17. Qc2 Nc7 18. Bf1 a6 19. a4 Qa7 20. a5 b6 21. axb6 Qxb6 22.
Na4 Qa7 23. Bd2 a5 24. Bg2 Ba6 25. b3 Rb8 26. Bc3 Nf6 27. Nd2 Bc8 28. Qd3 Na6
29. Bxa5 Nb4 30. Bxb4 Rxb4 31. h3 Ba6 32. Nc3 Rfb8 33. Ne2 Qb6 34. Ra1 Bc8 35.
Ra3 Qd8 36. Rea1 Ne4 37. R1a2 Nxd2 38. Rxd2 Qf8 39. Rda2 Qd8 40. Nc1 Bh6 41. f4
Bb7 42. Bf3 Qf8 43. Bd1 Bg7 44. Bc2 Bd4+ 45. Kh2 Qg7 46. Ne2 Bb2 47. Ra7 Bf6
48. Ng1 Qf8 49. Nf3 Bg7 50. Bd1 Ra8 51. Rxa8 Bxa8 52. Qe3 Rb8 53. g4 Bh6 54.
Kg3 Rb4 55. Rd2 Rb7 56. Bc2 fxg4 57. hxg4 Ra7 58. g5 Bg7 59. Rh2 Ra2 60. Qe4
Qe8 61. f5 gxf5 62. Qxf5 Qg6 63. Qxg6 hxg6 64. Bxg6 Ra3 65. Bc2 Bxd5 66. cxd5
c4 67. Bh7+ Kf8 68. Rf2 Rxb3 69. Kg4 Ke8 70. Ra2 Rb8 71. Bg6+ Kf8 72. Rf2 Bb2
73. Ne5+ Kg8 74. Nc6 1-0

[Event "GBR-ch85"]
[Site "Torquay"]
[Date "1998.08.05"]
[Round "9.13"]
[White "Cobb, James E"]
[Black "Bates, Richard A"]
[Result "0-1"]
[WhiteElo "2305"]
[BlackElo "2395"]
[PlyCount "75"]
[EventDate "1998.07.27"]
[EventType "swiss"]
[EventRounds "11"]
[EventCountry "GBR"]
[SourceTitle "BritBase"]
[Source "britbase.info"]
[SourceDate "2021.07.30"]
[SourceVersion "1"]
[SourceVersionDate "2021.07.30"]
[SourceQuality "1"]

1. Nf3 c5 2. c3 e6 3. d4 Nc6 4. e4 d5 5. e5 Bd7 6. dxc5 Bxc5 7. b4 Bb6 8. Bd3
Nge7 9. Qe2 Qc7 10. Bf4 f5 11. h4 h6 12. Nbd2 a6 13. h5 O-O-O 14. Nb3 g5 15.
hxg6 Nxg6 16. Bh2 Be8 17. Rc1 Kb8 18. a4 Rc8 19. b5 axb5 20. axb5 Na5 21. Nbd4
Qe7 22. Qb2 Nf8 23. Ra1 Bh5 24. Ra3 Rg8 25. Nxf5 Qc5 26. N3d4 Rxg2 27. Ng3 Bf3
28. Rf1 Rxh2 29. Nxf3 Rg2 30. Nd4 Nc4 31. Bxc4 Qxc4 32. Nge2 Ng6 33. Qa1 Nxe5
34. Nxe6 Nf3+ 35. Kd1 Qd3+ 36. Kc1 Be3+ 37. fxe3 Qxe3+ 38. Kb2 0-1

[Event "GBR-ch85"]
[Site "Torquay"]
[Date "1998.08.05"]
[Round "9.14"]
[White "Knott, Simon"]
[Black "Kennaugh, Charles"]
[Result "1-0"]
[WhiteElo "2340"]
[BlackElo "2290"]
[PlyCount "85"]
[EventDate "1998.07.27"]
[EventType "swiss"]
[EventRounds "11"]
[EventCountry "GBR"]
[SourceTitle "BritBase"]
[Source "britbase.info"]
[SourceDate "2021.07.30"]
[SourceVersion "1"]
[SourceVersionDate "2021.07.30"]
[SourceQuality "1"]

1. c4 e5 2. Nc3 Bb4 3. Nf3 d6 4. Qa4+ Nc6 5. Nd5 Bc5 6. b4 Bd4 7. Nxd4 exd4 8.
Bb2 Bd7 9. b5 Ne5 10. Bxd4 c6 11. Nc3 a6 12. Bxe5 axb5 13. Qxa8 Qxa8 14. Bxg7
b4 15. Bxh8 f6 16. Ne4 Ke7 17. g3 b5 18. cxb5 cxb5 19. Bg2 Bc6 20. d3 b3 21.
O-O bxa2 22. Rfc1 Bxe4 23. Bxe4 d5 24. Rc7+ Kd6 25. Rc2 dxe4 26. Rcxa2 Qd5 27.
dxe4 Qxe4 28. Ra8 Qc4 29. Bg7 Ke5 30. Rb1 Kf5 31. Rb8 Kg6 32. Bf8 Qxe2 33.
R8xb5 h5 34. h4 Kf7 35. Rb8 Kg6 36. R8b7 Kf5 37. R7b4 Qe8 38. Rb8 Qe2 39. R8b4
Qe8 40. Rf4+ Kg6 41. Bb4 Nh6 42. Bc3 Ng4 43. Bxf6 1-0

[Event "GBR-ch85"]
[Site "Torquay"]
[Date "1998.08.05"]
[Round "9.15"]
[White "Wall, Gavin"]
[Black "Stephenson, F Norman"]
[Result "1-0"]
[WhiteElo "2355"]
[BlackElo "2215"]
[PlyCount "139"]
[EventDate "1998.07.27"]
[EventType "swiss"]
[EventRounds "11"]
[EventCountry "GBR"]

1. e4 e6 2. d4 d5 3. e5 c5 4. c3 Qb6 5. Nf3 Nc6 6. a3 Nh6 7. b4 cxd4 8. cxd4
Nf5 9. Be3 Be7 10. Bd3 Nxe3 11. fxe3 f5 12. exf6 Bxf6 13. Ng5 Ne7 14. Nxh7 e5
15. Nc3 exd4 16. Qh5+ Kd8 17. Nxd5 Qe6 18. Ndxf6 gxf6 19. Qe2 Nd5 20. O-O dxe3
21. Bc4 Rxh7 22. Rad1 Bd7 23. Rxd5 Qc6 24. Rfd1 Qc7 25. g3 Ke8 26. Qxe3+ Re7
27. Qd3 Qb6+ 28. Qd4 Be6 29. Rh5 Rd7 30. Rh8+ Ke7 31. Rh7+ Ke8 32. Rh8+ Ke7 33.
Rh7+ Ke8 34. Rxd7 Bxd7 35. Kf2 Rc8 36. Qxb6 axb6 37. Rd4 b5 38. Be2 Rc2 39. h4
Bc6 40. Ke3 Ra2 41. Rd3 Kf7 42. Rc3 Ke6 43. g4 f5 44. gxf5+ Kxf5 45. h5 Kf6 46.
Bd1 Ke5 47. Bc2 Ra1 48. h6 Re1+ 49. Kd2 Rh1 50. h7 Rh2+ 51. Ke3 Rh4 52. Kf2 Kf4
53. Bg6 Rh2+ 54. Ke1 Be4 55. Bxe4 Kxe4 56. Rc7 b6 57. Kf1 Kd5 58. Kg1 Rh4 59.
Kg2 Kd6 60. Kg3 Rh1 61. Rb7 Kc6 62. Rf7 Kd5 63. Kg4 Kc4 64. Kg5 Kb3 65. Rf3+
Kb2 66. Kg6 Rg1+ 67. Kf7 Rh1 68. Kg7 Rg1+ 69. Kh8 Rh1 70. Rf5 1-0

[Event "GBR-ch85"]
[Site "Torquay"]
[Date "1998.08.05"]
[Round "9.16"]
[White "Moskovic, David M"]
[Black "Lalic, Susan"]
[Result "0-1"]
[WhiteElo "2235"]
[BlackElo "2350"]
[PlyCount "80"]
[EventDate "1998.07.27"]
[EventType "swiss"]
[EventRounds "11"]
[EventCountry "GBR"]
[SourceTitle "BritBase"]
[Source "britbase.info"]
[SourceDate "2021.07.30"]
[SourceVersion "1"]
[SourceVersionDate "2021.07.30"]
[SourceQuality "1"]

1. e4 c6 2. d4 d5 3. e5 c5 4. dxc5 Nc6 5. Bb5 e6 6. Be3 Nge7 7. c3 Nf5 8. Bd4
Bd7 9. Bxc6 Bxc6 10. Nf3 Nxd4 11. cxd4 b6 12. cxb6 Qxb6 13. Qb3 Qa6 14. Nc3 Be7
15. Ng1 O-O 16. Nge2 Rab8 17. Qc2 Rfc8 18. O-O Bb5 19. Rfe1 Bb4 20. a3 Ba5 21.
Ng3 Bd3 22. Qd2 Rxb2 23. Qxb2 Bxc3 24. Qa2 Bxe1 25. Rxe1 Qa4 26. Qd2 Qxa3 27.
Rd1 Bg6 28. h4 h6 29. h5 Bh7 30. Nf1 a5 31. Ne3 Qb4 32. Qe2 Qb6 33. g4 Qd8 34.
Kg2 a4 35. Ra1 Ra8 36. Ra3 Qb6 37. Qd2 Qb5 38. Qc3 Qe2 39. Kg3 Be4 40. Rxa4
Qf3+ 0-1

[Event "GBR-ch85"]
[Site "Torquay"]
[Date "1998.08.05"]
[Round "9.17"]
[White "Houska, Jovanka"]
[Black "Hinks-Edwards, Thomas"]
[Result "1/2-1/2"]
[WhiteElo "2190"]
[BlackElo "2315"]
[PlyCount "85"]
[EventDate "1998.07.27"]
[EventType "swiss"]
[EventRounds "11"]
[EventCountry "GBR"]
[SourceTitle "BritBase Aug 2004"]

1. e4 c6 2. d4 d5 3. e5 Bf5 4. c3 e6 5. Nf3 Nd7 6. Be3 Ne7 7. Bd3 c5 8. a3 Bxd3
9. Qxd3 Nf5 10. O-O Be7 11. Nbd2 O-O 12. Rac1 c4 13. Qe2 b5 14. Ne1 a5 15. Nc2
Rb8 16. f4 b4 17. axb4 axb4 18. g4 Nxe3 19. Nxe3 bxc3 20. bxc3 Rb2 21. Rb1 Qb6
22. Qf3 Rb8 23. Nexc4 dxc4 24. Nxc4 Rxb1 25. Nxb6 Rxf1+ 26. Kxf1 Nxb6 27. f5
exf5 28. gxf5 Bf8 29. Qc6 Nc8 30. f6 gxf6 31. Qc7 Rb1+ 32. Kf2 Nb6 33. exf6
Rb2+ 34. Kf3 Na4 35. c4 Rb3+ 36. Ke4 Nc3+ 37. Ke5 Ne2 38. Ke4 Nc3+ 39. Ke5 Ne2
40. d5 Re3+ 41. Kf5 Rf3+ 42. Ke5 Re3+ 43. Kf5 1/2-1/2

[Event "GBR-ch85"]
[Site "Torquay"]
[Date "1998.08.05"]
[Round "9.18"]
[White "McDonnell, James"]
[Black "Buckley, Graeme"]
[Result "0-1"]
[WhiteElo "2020"]
[BlackElo "2295"]
[PlyCount "96"]
[EventDate "1998.07.27"]
[EventType "swiss"]
[EventRounds "11"]
[EventCountry "GBR"]
[SourceTitle "BritBase Aug 2004"]

1. e4 c5 2. Nf3 e6 3. d4 cxd4 4. Nxd4 Nf6 5. Nc3 d6 6. Be2 Be7 7. O-O Nc6 8.
Be3 O-O 9. f4 a6 10. a4 e5 11. Nb3 exf4 12. Bxf4 Be6 13. Kh1 Rc8 14. Nd4 Nxd4
15. Qxd4 Re8 16. Bf3 Rc4 17. Qd2 Qb6 18. b3 Rcc8 19. Rac1 Nd7 20. Nd5 Bxd5 21.
exd5 g6 22. Be3 Qc7 23. c4 a5 24. Rce1 Bf8 25. Bg4 f5 26. Bd1 Ne5 27. h3 Bg7
28. Bc2 Rf8 29. Qf2 Nd7 30. Bf4 Be5 31. Bh6 Rf7 32. Bd2 Nf6 33. Qa7 Nh5 34. Rf3
Qd8 35. Bxa5 Qh4 36. Rd1 Ng3+ 37. Kh2 Ne2+ 38. Kh1 Nd4 39. Be1 Qd8 40. Ba5 Qf6
41. Rf2 Qh4 42. Kg1 b5 43. Qa6 Re8 44. Rd3 f4 45. Bd1 f3 46. Bxf3 Qg3 47. Kf1
Qh2 48. g4 Rxf3 0-1

[Event "GBR-ch85"]
[Site "Torquay"]
[Date "1998.08.05"]
[Round "9.21"]
[White "Smith, Andrew Philip"]
[Black "Alfred, Nathan"]
[Result "1-0"]
[WhiteElo "2290"]
[BlackElo "2235"]
[PlyCount "41"]
[EventDate "1998.07.27"]
[EventType "swiss"]
[EventRounds "11"]
[EventCountry "GBR"]
[SourceTitle "BritBase"]
[Source "britbase.info"]
[SourceDate "2021.07.30"]
[SourceVersion "1"]
[SourceVersionDate "2021.07.30"]
[SourceQuality "1"]

1. e4 c5 2. Nf3 d6 3. c3 Nf6 4. Be2 Nbd7 5. d3 g6 6. O-O Bg7 7. Re1 O-O 8. Bf1
Qc7 9. d4 e5 10. dxe5 dxe5 11. a4 b6 12. Na3 Bb7 13. Nb5 Qb8 14. Nd6 Bc6 15.
Bc4 Ne8 16. Nxf7 Rxf7 17. Bxf7+ Kxf7 18. Qb3+ Ke7 19. Ng5 Kd6 20. Qf7 Bf6 21.
Ne6 1-0

[Event "GBR-ch85"]
[Site "Torquay"]
[Date "1998.08.05"]
[Round "9.24"]
[White "Jackson, Sheila"]
[Black "Buckley, Simon"]
[Result "1/2-1/2"]
[WhiteElo "2165"]
[BlackElo "2120"]
[PlyCount "48"]
[EventDate "1998.07.27"]
[EventType "swiss"]
[EventRounds "11"]
[EventCountry "GBR"]
[SourceTitle "BritBase"]
[Source "britbase.info"]
[SourceDate "2021.07.30"]
[SourceVersion "1"]
[SourceVersionDate "2021.07.30"]
[SourceQuality "1"]

1. e4 c5 2. c3 d6 3. d4 Nf6 4. dxc5 Nc6 5. f3 dxc5 6. Qxd8+ Nxd8 7. Be3 e6 8.
Na3 Be7 9. Bb5+ Bd7 10. Bxd7+ Nxd7 11. O-O-O Nc6 12. Nb5 Rc8 13. Nd6+ Bxd6 14.
Rxd6 Ke7 15. Rd1 Nce5 16. Nh3 b5 17. f4 Ng4 18. Rde1 Rhd8 19. Nf2 Nxe3 20. Rxe3
c4 21. Rd1 Nc5 22. g4 Rxd1+ 23. Kxd1 Rd8+ 24. Kc2 a5 1/2-1/2

[Event "GBR-ch85"]
[Site "Torquay"]
[Date "1998.08.05"]
[Round "9.28"]
[White "Beaumont, Chris"]
[Black "Jackson, Adrian"]
[Result "1-0"]
[WhiteElo "2330"]
[BlackElo "2225"]
[PlyCount "95"]
[EventDate "1998.07.27"]
[EventType "swiss"]
[EventRounds "11"]
[EventCountry "GBR"]
[SourceTitle "BritBase"]
[Source "britbase.info"]
[SourceDate "2021.07.30"]
[SourceVersion "1"]
[SourceVersionDate "2021.07.30"]
[SourceQuality "1"]

1. d4 Nf6 2. c4 g6 3. Nc3 Bg7 4. e4 d6 5. Be2 O-O 6. Nf3 e5 7. O-O Nc6 8. d5
Ne7 9. Nd2 Nd7 10. b4 f5 11. c5 Nf6 12. f3 f4 13. Nc4 g5 14. a4 Ng6 15. Ba3 Rf7
16. b5 Bf8 17. b6 dxc5 18. bxc7 Rxc7 19. Nb5 Rg7 20. Bb2 a6 21. Nc3 h5 22. Qb3
g4 23. Qb6 Qxb6 24. Nxb6 Rb8 25. a5 Nh4 26. Nxc8 Rxc8 27. Kh1 gxf3 28. gxf3 Bd6
29. Rg1 Rcc7 30. Na4 Rxg1+ 31. Rxg1+ Rg7 32. Nb6 Rxg1+ 33. Kxg1 Kf7 34. Nc4 Ke7
35. Nxe5 Bc7 36. Nc4 Kf7 37. Kf2 Ng6 38. Bf1 Nd7 39. d6 Bd8 40. Bh3 Ngf8 41.
Bc1 Bg5 42. Ke2 Ne6 43. Kd3 Ndf8 44. Ne5+ Ke8 45. Kc4 Bd8 46. Bd2 b5+ 47. axb6
Bxb6 48. Kd5 1-0

[Event "GBR-ch85"]
[Site "Torquay"]
[Date "1998.08.05"]
[Round "9.29"]
[White "Ledger, David"]
[Black "Richards, Heather"]
[Result "1-0"]
[WhiteElo "2220"]
[BlackElo "2130"]
[PlyCount "113"]
[EventDate "1998.07.27"]
[EventType "swiss"]
[EventRounds "11"]
[EventCountry "GBR"]
[SourceTitle "BritBase"]
[Source "britbase.info"]
[SourceDate "2021.07.30"]
[SourceVersion "1"]
[SourceVersionDate "2021.07.30"]
[SourceQuality "1"]

1. e4 e6 2. d3 c5 3. g3 g6 4. Bg2 Bg7 5. Nc3 Nc6 6. Be3 d6 7. Qd2 Nge7 8. Bh6
Bf6 9. Nge2 d5 10. exd5 exd5 11. O-O Be6 12. Rfe1 Qd7 13. a3 Ne5 14. Nf4 O-O-O
15. Nxe6 fxe6 16. Bg5 Bxg5 17. Qxg5 N5c6 18. b4 cxb4 19. axb4 Nxb4 20. Bh3 Nf5
21. Rxa7 Nc6 22. Ra8+ Kc7 23. Qf4+ e5 24. Rxd8 Rxd8 25. Qa4 Rc8 26. Rb1 Kd8 27.
Bxf5 gxf5 28. Rb5 Ne7 29. Qa5+ Ke8 30. Nxd5 Rc6 31. Nxe7 Ra6 32. Qb4 Qxe7 33.
Qxe7+ Kxe7 34. Rxb7+ Kf6 35. Rxh7 Ra1+ 36. Kg2 Ra2 37. Rc7 Ra5 38. h4 Ke6 39.
h5 Kf6 40. h6 Kg6 41. h7 Ra8 42. Kf3 Re8 43. Ke3 Kf6 44. c4 Ke6 45. c5 Rh8 46.
f4 Kd5 47. fxe5 Kxe5 48. d4+ Kd5 49. Rd7+ Ke6 50. c6 Re8 51. d5+ Kf6+ 52. Kf4
Re4+ 53. Kf3 Kg6 54. h8=N+ Kf6 55. c7 Rc4 56. Rd6+ Ke7 57. Rc6 1-0

[Event "GBR-ch85"]
[Site "Torquay"]
[Date "1998.08.05"]
[Round "9.31"]
[White "Rendle, Thomas"]
[Black "Forbes, Cathy"]
[Result "1/2-1/2"]
[WhiteElo "1848"]
[BlackElo "2110"]
[PlyCount "98"]
[EventDate "1998.07.27"]
[EventType "swiss"]
[EventRounds "11"]
[EventCountry "GBR"]
[SourceTitle "BritBase Aug 2004"]

1. e4 c5 2. Nf3 e6 3. d4 cxd4 4. Nxd4 a6 5. Bd3 Nf6 6. O-O Qc7 7. Qe2 d6 8. Be3
b5 9. a4 b4 10. Nd2 Be7 11. Rfc1 Bb7 12. c3 bxc3 13. Rxc3 Qa5 14. Nc4 Qd8 15.
e5 dxe5 16. Nxe5 Qd5 17. f4 Nbd7 18. Bc4 Qd6 19. Nxd7 Qxd7 20. f5 e5 21. Nb3
O-O 22. Rf1 Rfc8 23. Bc1 Qxa4 24. Nd2 e4 25. b3 Qa2 26. Kh1 Qa5 27. Rg3 Bd5 28.
Bb2 Rc6 29. Qe3 Kh8 30. Ra1 Qc5 31. Bd4 Qb4 32. Bxd5 Nxd5 33. Bxg7+ Kg8 34.
Qxe4 Qxe4 35. Nxe4 f6 36. Bxf6+ Kf7 37. Bxe7 Nxe7 38. Rd1 Nxf5 39. Rf3 Kg6 40.
Rdf1 Nd4 41. Rg3+ Kh6 42. h3 Rb8 43. Rf4 Rg6 44. Rxg6+ hxg6 45. Nc5 Nxb3 46.
Nxa6 Ra8 47. Nb4 Nd2 48. Kg1 Kg5 49. Rg4+ Kf5 1/2-1/2

[Event "GBR-ch85"]
[Site "Torquay"]
[Date "1998.08.05"]
[Round "9.32"]
[White "Holmes, Michael"]
[Black "Leech, Aiden"]
[Result "1-0"]
[WhiteElo "1999"]
[BlackElo "2145"]
[PlyCount "63"]
[EventDate "1998.07.27"]
[EventType "swiss"]
[EventRounds "11"]
[EventCountry "GBR"]
[SourceTitle "BritBase"]
[Source "britbase.info"]
[SourceDate "2021.07.30"]
[SourceVersion "1"]
[SourceVersionDate "2021.07.30"]
[SourceQuality "1"]

1. d4 Nf6 2. c4 g6 3. Nc3 Bg7 4. e4 d6 5. f3 O-O 6. Be3 Nc6 7. Qd2 a6 8. Rd1
Rb8 9. Nge2 b5 10. cxb5 axb5 11. d5 Ne5 12. Nd4 Bd7 13. Ncxb5 e6 14. Nc3 exd5
15. exd5 Re8 16. Be2 Rb4 17. O-O Qa8 18. Bf2 Reb8 19. Nb3 Ba4 20. Nxa4 Rxa4 21.
Nc1 Ra5 22. b3 Nxd5 23. Bd4 Rb4 24. Bf2 Qb7 25. a3 Rbb5 26. Bxb5 Qxb5 27. b4
Nc4 28. Qd3 Nb2 29. Qb3 Nxd1 30. Rxd1 Nc3 31. bxa5 Qxa5 32. Re1 1-0

[Event "GBR-ch85"]
[Site "Torquay"]
[Date "1998.08.06"]
[Round "10.6"]
[White "Ward, Christopher G"]
[Black "Knott, Simon"]
[Result "1-0"]
[WhiteElo "2505"]
[BlackElo "2340"]
[PlyCount "123"]
[EventDate "1998.07.27"]
[EventType "swiss"]
[EventRounds "11"]
[EventCountry "GBR"]
[SourceTitle "BritBase"]
[Source "britbase.info"]
[SourceDate "2021.07.30"]
[SourceVersion "1"]
[SourceVersionDate "2021.07.30"]
[SourceQuality "1"]

1. d4 Nf6 2. c4 g6 3. f3 d5 4. cxd5 Nxd5 5. e4 Nb6 6. Nc3 Bg7 7. Be3 O-O 8. Qd2
e5 9. d5 c6 10. h4 h5 11. Be2 cxd5 12. exd5 N8d7 13. d6 Nf6 14. Bg5 Be6 15. Nh3
Rc8 16. Nf2 Nc4 17. Bxc4 Rxc4 18. Nfe4 Nxe4 19. Nxe4 f6 20. Be3 b6 21. O-O Qd7
22. Rac1 Rfc8 23. Rxc4 Rxc4 24. b3 Rc6 25. Rd1 Bf5 26. Bh6 Kh7 27. Bxg7 Kxg7
28. Ng3 Be6 29. Ne4 Bf5 30. Ng3 Be6 31. Nf1 Rc5 32. Ne3 Rc8 33. Qd3 Rc5 34. Kh2
Rc8 35. Kg3 Rc5 36. b4 Rc6 37. a3 Rc8 38. f4 exf4+ 39. Kxf4 Bg4 40. Rd2 Rc1 41.
Qd4 Rc6 42. Kg3 Be6 43. Kh2 Qd8 44. Qf4 Qd7 45. Nc2 Bg4 46. Nd4 Rc8 47. b5 Rc5
48. Nc6 Rxb5 49. Nb8 Qd8 50. d7 Rc5 51. g3 Rc1 52. Qe4 b5 53. Nc6 Qb6 54. Qe7+
Kh6 55. Qf8+ Kh7 56. Qf7+ Kh6 57. Rg2 Bf3 58. Qf8+ Kh7 59. Qf7+ Kh6 60. d8=Q
Qg1+ 61. Rxg1 Rc2+ 62. Rg2 1-0

[Event "GBR-ch85"]
[Site "Torquay"]
[Date "1998.08.06"]
[Round "10.7"]
[White "Rowson, Jonathan"]
[Black "Houska, Miroslav"]
[Result "0-1"]
[WhiteElo "2495"]
[BlackElo "2375"]
[PlyCount "80"]
[EventDate "1998.07.27"]
[EventType "swiss"]
[EventRounds "11"]
[EventCountry "GBR"]
[SourceTitle "BritBase"]
[Source "britbase.info"]
[SourceDate "2021.07.30"]
[SourceVersion "1"]
[SourceVersionDate "2021.07.30"]
[SourceQuality "1"]

1. Nf3 f5 2. b3 d6 3. d4 Nf6 4. Bb2 g6 5. g3 Bg7 6. Bg2 O-O 7. Nbd2 Nc6 8. O-O
Qe8 9. Nc4 h6 10. Ne1 e6 11. Nd3 Bd7 12. Ne3 Nd8 13. c4 g5 14. c5 d5 15. Ne5 f4
16. Nc2 Nc6 17. Nxc6 Bxc6 18. a4 a5 19. Ne1 Ne4 20. Nd3 Qh5 21. gxf4 gxf4 22.
f3 Ng5 23. Qd2 Qh4 24. Qe1 Qh5 25. Qd2 Qh4 26. Kh1 Rf5 27. e3 fxe3 28. Qxe3
Raf8 29. f4 Ne4 30. Rf3 Be8 31. Rg1 Kh7 32. Bh3 Rh5 33. Rg4 Qe7 34. Rg2 Bg6 35.
Bg4 Rh4 36. Kg1 Rf7 37. Rf1 Bf5 38. h3 Bf6 39. Bxf5+ exf5 40. Ne1 Ng5 0-1

[Event "GBR-ch85"]
[Site "Torquay"]
[Date "1998.08.06"]
[Round "10.8"]
[White "Summerscale, Aaron"]
[Black "Levitt, Jonathan P"]
[Result "1-0"]
[WhiteElo "2455"]
[BlackElo "2430"]
[PlyCount "103"]
[EventDate "1998.07.27"]
[EventType "swiss"]
[EventRounds "11"]
[EventCountry "GBR"]
[SourceTitle "BritBase"]
[Source "britbase.info"]
[SourceDate "2021.07.30"]
[SourceVersion "1"]
[SourceVersionDate "2021.07.30"]
[SourceQuality "1"]

1. Nf3 d5 2. d4 e6 3. c4 Nf6 4. Nc3 Bb4 5. Bg5 Nbd7 6. cxd5 exd5 7. Bxf6 Bxc3+
8. bxc3 Nxf6 9. e3 O-O 10. Bd3 c5 11. O-O c4 12. Bc2 Bg4 13. Qd2 Bxf3 14. gxf3
Qd7 15. Kh1 b5 16. Rg1 g6 17. f4 Rfe8 18. f3 a5 19. Rae1 b4 20. f5 bxc3 21. Qg2
Kh8 22. Qg5 Ng8 23. f4 Ra6 24. fxg6 fxg6 25. f5 h6 26. Qh4 Qe7 27. Qg3 g5 28.
h4 Nf6 29. hxg5 hxg5 30. Re2 Ne4 31. Rh2+ Kg7 32. Qh3 Nf2+ 33. Rxf2 Rh8 34. f6+
Qxf6 35. Qxh8+ Kxh8 36. Rxf6 Rxf6 37. Rxg5 Rf3 38. Kg2 Rxe3 39. Rh5+ Kg7 40.
Kf2 Re6 41. Rxd5 Rb6 42. Rg5+ Kf7 43. Re5 Rb2 44. Re2 Kf6 45. a4 Rb7 46. d5 Rd7
47. Re6+ Kg5 48. d6 Kf4 49. Re4+ Kg5 50. Rd4 Kf6 51. Ke3 Ke5 52. Rxc4 1-0